[Event "Stay Safe Play From Home 276"]
[Site "Emanuel Lasker Arena"]
[Date "2020.07.03"]
[Round "1"]
[White "Dukic"]
[Black "Timbre"]
[Result "1-0"]
[WhiteElo "1934"]
[BlackElo "1622"]
[PlyCount "91"]
[EventDate "2020.07.03"]
[EventType "swiss (blitz)"]

{Abbruch} 1. c4 {[%emt 0:00:04]} c6 {[%emt 0:00:02]} 2. Nc3 {[%emt 0:00:02]} d5 {[%emt 0:00:01]} 3. cxd5 {[%emt 0:00:01]} cxd5 {[%emt 0:00:02]} 4. d4 {[%emt 0:00:00]} Nf6 {[%emt 0:00:01]} 5. Nf3 {[%emt 0:00:01]} Nc6 {[%emt 0:00:01]} 6. Bf4 {[%emt 0:00:02]} a6 {[%emt 0:00:02]} 7. e3 {[%emt 0:00:02]} e6 {[%emt 0:00:04]} 8. Bd3 {[%emt 0:00:04]} Bd6 {[%emt 0:00:03]} 9. Bg5 {[%emt 0:00:02]} Be7 {[%emt 0:00:01]} 10. O-O {[%emt 0:00:02]} O-O {[%emt 0:00:02]} 11. Rc1 {[%emt 0:00:02]} Nh5 {[%emt 0:00:03]} 12. Bxe7 {[%emt 0:00:08]} Qxe7 {[%emt 0:00:01]} 13. Ne5 {[%emt 0:00:03]} Nxe5 {[%emt 0:00:05]} 14. dxe5 {[%emt 0:00:02]} g6 {[%emt 0:00:01]} 15. g4 {[%emt 0:00:09]} Ng7 {[%emt 0:00:03]} 16. f4 {[%emt 0:00:06]} h5 {[%emt 0:00:02]} 17. h3 {[%emt 0:00:03]} Qh4 {[%emt 0:00:05]} 18. Qf3 {[%emt 0:00:01]} Bd7 {[%emt 0:00:08]} 19. Ne2 {[%emt 0:00:03]} Bc6 {[%emt 0:00:03]} 20. Nd4 {[%emt 0:00:02]} Rac8 {[%emt 0:00:09]} 21. Rc2 {[%emt 0:00:04]} Bd7 {[%emt 0:00:04]} 22. Rfc1 {[%emt 0:00:05]} Rxc2 {[%emt 0:00:02]} 23. Rxc2 {[%emt 0:00:01]} Rc8 {[%emt 0:00:02]} 24. Rxc8+ {[%emt 0:00:04]} Bxc8 {[%emt 0:00:02]} 25. Kg2 {[%emt 0:00:01]} Qe1 {[%emt 0:00:06]} 26. Qe2 {[%emt 0:00:06]} Qa5 {[%emt 0:00:07]} 27. a3 {[%emt 0:00:03]} Bd7 {[%emt 0:00:01]} 28. Qc2 {[%emt 0:00:02]} hxg4 {[%emt 0:00:07]} 29. hxg4 {[%emt 0:00:02]} Ba4 {[%emt 0:00:12]} 30. b3 {[%emt 0:00:14]} Bb5 {[%emt 0:00:04]} 31. Bxb5 {[%emt 0:00:19]} axb5 {[%emt 0:00:02]} 32. Qc8+ {[%emt 0:00:18]} Kh7 {[%emt 0:00:03]} 33. Qxb7 {[%emt 0:00:02]} Qd2+ {[%emt 0:00:04]} 34. Kg3 {[%emt 0:00:24]} Qxe3+ {[%emt 0:00:09]} 35. Nf3 {[%emt 0:00:01]} d4 {[%emt 0:00:26]} 36. Qxb5 {[%emt 0:00:06]} d3 {[%emt 0:00:03]} 37. Qb4 {[%emt 0:00:01]} Qe2 {[%emt 0:00:15]} 38. Qd2 {[%emt 0:00:01]} Qe4 {[%emt 0:00:02]} 39. a4 {[%emt 0:00:04]} Qd5 {[%emt 0:00:05]} 40. b4 {[%emt 0:00:03]} Qc4 {[%emt 0:00:02]} 41. a5 {[%emt 0:00:04]} Qb5 {[%emt 0:00:03]} 42. Ne1 {[%emt 0:00:05]} Qd5 {[%emt 0:00:11]} 43. Qxd3 {[%emt 0:00:07]} Qh1 {[%emt 0:00:04]} 44. Nf3 {[%emt 0:00:03]} Nh5+ {[%emt 0:00:03]} 45. gxh5 {[%emt 0:00:03]} Qxh5 {[%emt 0:00:02]} 46. a6 {[%emt 0:00:02] Timbre resigns} 1-0

[Event "Stay Safe Play From Home 276"]
[Site "Emanuel Lasker Arena"]
[Date "2020.07.03"]
[Round "1"]
[White "Aadi3110theking"]
[Black "Robk"]
[Result "1-0"]
[WhiteElo "1856"]
[BlackElo "1588"]
[Annotator "NA"]
[PlyCount "91"]
[EventDate "2020.07.03"]
[EventType "swiss (blitz)"]

1. Nf3 {[%emt 0:00:08]} c5 {[%emt 0:00:02]} 2. c4 {[%emt 0:00:04]} e6 {[%emt 0:00:01]} 3. b3 {[%emt 0:00:02]} d5 {[%emt 0:00:01]} 4. Bb2 {[%emt 0:00:06]} Nf6 {[%emt 0:00:07]} 5. g3 {[%emt 0:00:03]} Nc6 {[%emt 0:00:02]} 6. e3 {[%emt 0:00:02]} Be7 {[%emt 0:00:03]} 7. Bg2 {[%emt 0:00:01]} O-O {[%emt 0:00:02]} 8. O-O {[%emt 0:00:01]} Bd7 {[%emt 0:00:12]} 9. Qe2 {[%emt 0:00:01]} Re8 {[%emt 0:00:04]} 10. Nc3 {[%emt 0:00:02]} a6 {[%emt 0:00:02]} 11. Rad1 {[%emt 0:00:03]} dxc4 {[%emt 0:00:13]} 12. bxc4 {[%emt 0:00:02]} Qc7 {[%emt 0:00:01]} 13. d3 {[%emt 0:00:06]} Rad8 {[%emt 0:00:08]} 14. Ne1 {[%emt 0:00:01]} e5 {[%emt 0:00:08]} 15. f4 {[%emt 0:00:01]} exf4 {[%emt 0:00:02]} 16. gxf4 {[%emt 0:00:01]} Qc8 {[%emt 0:00:05]} 17. e4 {[%emt 0:00:02]} Bg4 {[%emt 0:00:02]} 18. Bf3 {[%emt 0:00:04]} Nd4 {[%emt 0:00:09]} 19. Qg2 {[%emt 0:00:06]} Bh3 {[%emt 0:00:04]} 20. Qf2 {[%emt 0:00:05]} Bxf1 {[%emt 0:00:02]} 21. Qxf1 {[%emt 0:00:00]} Nxf3+ {[%emt 0:00:02]} 22. Nxf3 {[%emt 0:00:00]} Qg4+ {[%emt 0:00:02]} 23. Kh1 {[%emt 0:00:04]} Qxf4 {[%emt 0:00:02]} 24. Bc1 {[%emt 0:00:05]} Qc7 {[%emt 0:00:18]} 25. Qg2 {[%emt 0:00:07]} Bf8 {[%emt 0:00:29]} 26. Bg5 {[%emt 0:00:07]} Be7 {[%emt 0:00:03]} 27. Bxf6 {[%emt 0:00:19]} Bxf6 {[%emt 0:00:03]} 28. Nd5 {[%emt 0:00:00]} Qc6 {[%emt 0:00:07]} 29. Rg1 {[%emt 0:00:05]} g6 {[%emt 0:00:04]} 30. Qh3 {[%emt 0:00:21]} Bg7 {[%emt 0:00:05]} 31. Ng5 {[%emt 0:00:03]} h6 {[%emt 0:00:05]} 32. Nf3 {[%emt 0:00:09]} Qe6 {[%emt 0:00:04]} 33. Qg3 {[%emt 0:00:10]} Be5 {[%emt 0:00:08]} 34. Qg2 {[%emt 0:00:28]} Kg7 {[%emt 0:00:06]} 35. Nh4 {[%emt 0:00:02]} Bd4 {[%emt 0:00:12]} 36. Rf1 {[%emt 0:00:09]} Rf8 {[%emt 0:00:13]} 37. Nf5+ {[%emt 0:00:04]} Kh7 {[%emt 0:00:07]} 38. Ng3 {[%emt 0:00:55]} Be5 {[%emt 0:00:08]} 39. Ne2 {[%emt 0:00:03]} Qd6 {[%emt 0:00:08]} 40. Qh3 {[%emt 0:00:03]} Qe6 {[%emt 0:00:02]} 41. Qh4 {[%emt 0:00:01]} Rde8 {[%emt 0:00:14]} 42. Rg1 {[%emt 0:00:02]} Bd4 {[%emt 0:00:03]} 43. Nef4 {[%emt 0:00:04]} Qd6 {[%emt 0:00:06]} 44. Rg3 {[%emt 0:00:01]} Be5 {[%emt 0:00:03]} 45. Rh3 {[%emt 0:00:02]} h5 {[%emt 0:00:02]} 46. Nxh5 {[%emt 0:00:02] Time (Lag: Av=0.86s, max=1.5s)} 1-0

[Event "Stay Safe Play From Home 276"]
[Site "Emanuel Lasker Arena"]
[Date "2020.07.03"]
[Round "1"]
[White "Ironmike"]
[Black "AChessPlayer"]
[Result "0-1"]
[WhiteElo "1838"]
[BlackElo "2348"]
[PlyCount "48"]
[EventDate "2020.07.03"]
[EventType "swiss (blitz)"]
[WhiteTeam "SV Horst-Emscher I"]

{Dönges, Dirk (1820)} 1. e4 {[%emt 0:00:01]} c5 {[%emt 0:00:04]} 2. Nf3 {[%emt 0:00:01]} e6 {[%emt 0:00:01]} 3. Nc3 {[%emt 0:00:02]} Nc6 {[%emt 0:00:02]} 4. d4 {[%emt 0:00:01]} cxd4 {[%emt 0:00:00]} 5. Nxd4 {[%emt 0:00:02]} Qc7 {[%emt 0:00:00]} 6. Be2 {[%emt 0:00:03]} a6 {[%emt 0:00:01]} 7. O-O {[%emt 0:00:02]} Nf6 {[%emt 0:00:01]} 8. Nxc6 {[%emt 0:00:03]} bxc6 {[%emt 0:00:02]} 9. Kh1 {[%emt 0:00:01]} d5 {[%emt 0:00:01]} 10. exd5 {[%emt 0:00:01]} exd5 {[%emt 0:00:02]} 11. f4 {[%emt 0:00:01]} Bd6 {[%emt 0:00:02]} 12. g3 {[%emt 0:00:06]} O-O {[%emt 0:00:02]} 13. Bf3 {[%emt 0:00:01]} Re8 {[%emt 0:00:02]} 14. Bg2 {[%emt 0:00:02]} Bg4 {[%emt 0:00:02]} 15. Qd4 {[%emt 0:00:03]} Bf5 {[%emt 0:00:06]} 16. Bd2 {[%emt 0:00:09]} Bxc2 {[%emt 0:00:09]} 17. Rac1 {[%emt 0:00:01]} Be4 {[%emt 0:00:01]} 18. Nxe4 {[%emt 0:00:02]} Nxe4 {[%emt 0:00:03]} 19. Bxe4 {[%emt 0:00:01]} Rxe4 {[%emt 0:00:05]} 20. Qd3 {[%emt 0:00:01]} Qb7 {[%emt 0:00:18]} 21. Kg2 {[%emt 0:00:04]} Rae8 {[%emt 0:00:01]} 22. Bc3 {[%emt 0:00:07]} c5 {[%emt 0:00:01]} 23. Rce1 {[%emt 0:00:08]} d4 {[%emt 0:00:02]} 24. Rxe4 {[%emt 0:00:05]} Rxe4 {[%emt 0:00:01] Ironmike gibt auf (Lag: Av=0.80s, max=1.4s)} 0-1

[Event "Stay Safe Play From Home 276"]
[Site "Emanuel Lasker Arena"]
[Date "2020.07.03"]
[Round "1"]
[White "Erdema"]
[Black "Position"]
[Result "1/2-1/2"]
[WhiteElo "1629"]
[BlackElo "2150"]
[PlyCount "191"]
[EventDate "2020.07.03"]
[EventType "swiss (blitz)"]

1. e4 {[%emt 0:00:01]} c5 {[%emt 0:00:01]} 2. Nf3 {[%emt 0:00:02]} d6 {[%emt 0:00:02]} 3. d4 {[%emt 0:00:02]} cxd4 {[%emt 0:00:01]} 4. Nxd4 {[%emt 0:00:01]} Nf6 {[%emt 0:00:01]} 5. Nc3 {[%emt 0:00:02]} a6 {[%emt 0:00:01]} 6. a3 {[%emt 0:00:02]} e5 {[%emt 0:00:01]} 7. Nb3 {[%emt 0:00:02]} Be6 {[%emt 0:00:01]} 8. Be2 {[%emt 0:00:02]} Nc6 {[%emt 0:00:01]} 9. Be3 {[%emt 0:00:02]} Be7 {[%emt 0:00:04]} 10. O-O {[%emt 0:00:02]} O-O {[%emt 0:00:01]} 11. f4 {[%emt 0:00:01]} Rc8 {[%emt 0:00:02]} 12. fxe5 {[%emt 0:00:02]} Nxe5 {[%emt 0:00:03]} 13. Bf4 {[%emt 0:00:07]} Qb6+ {[%emt 0:00:07]} 14. Kh1 {[%emt 0:00:03]} Neg4 {[%emt 0:00:04]} 15. Qd4 {[%emt 0:00:18]} Qc7 {[%emt 0:00:21]} 16. h3 {[%emt 0:00:04]} Ne5 {[%emt 0:00:03]} 17. Rad1 {[%emt 0:00:11]} Rfd8 {[%emt 0:00:05]} 18. Bxe5 {[%emt 0:00:05]} dxe5 {[%emt 0:00:02]} 19. Qe3 {[%emt 0:00:01]} Bxb3 {[%emt 0:00:15]} 20. cxb3 {[%emt 0:00:08]} Bc5 {[%emt 0:00:01]} 21. Qg3 {[%emt 0:00:19]} Kh8 {[%emt 0:00:09]} 22. b4 {[%emt 0:00:04]} Bd4 {[%emt 0:00:03]} 23. Bf3 {[%emt 0:00:22]} Bxc3 {[%emt 0:00:03]} 24. bxc3 {[%emt 0:00:02]} Qxc3 {[%emt 0:00:02]} 25. Rxd8+ {[%emt 0:00:02]} Rxd8 {[%emt 0:00:00]} 26. Qg5 {[%emt 0:00:05]} h6 {[%emt 0:00:03]} 27. Qc1 {[%emt 0:00:03]} Rc8 {[%emt 0:00:06]} 28. Qxc3 {[%emt 0:00:05]} Rxc3 {[%emt 0:00:00]} 29. Ra1 {[%emt 0:00:02]} b6 {[%emt 0:00:02]} 30. a4 {[%emt 0:00:10]} a5 {[%emt 0:00:03]} 31. bxa5 {[%emt 0:00:02]} bxa5 {[%emt 0:00:00]} 32. Ra2 {[%emt 0:00:03]} Rc4 {[%emt 0:00:01]} 33. Kg1 {[%emt 0:00:08]} Nxe4 {[%emt 0:00:02]} 34. Re2 {[%emt 0:00:02]} Ng5 {[%emt 0:00:10]} 35. Bd5 {[%emt 0:00:06]} Rxa4 {[%emt 0:00:02]} 36. Rxe5 {[%emt 0:00:02]} Rd4 {[%emt 0:00:14]} 37. Bc6 {[%emt 0:00:09]} a4 {[%emt 0:00:11]} 38. Ra5 {[%emt 0:00:02]} Rc4 {[%emt 0:00:10]} 39. Bxa4 {[%emt 0:00:04]} g6 {[%emt 0:00:01]} 40. Ra7 {[%emt 0:00:06]} Kg7 {[%emt 0:00:01]} 41. Bb3 {[%emt 0:00:04]} Rb4 {[%emt 0:00:02]} 42. Bd5 {[%emt 0:00:03]} Rd4 {[%emt 0:00:01]} 43. Ba2 {[%emt 0:00:02]} Rd2 {[%emt 0:00:06]} 44. h4 {[%emt 0:00:04]} Ne4 {[%emt 0:00:09]} 45. Rxf7+ {[%emt 0:00:03]} Kh8 {[%emt 0:00:01]} 46. Ra7 {[%emt 0:00:06]} Nc3 {[%emt 0:00:04]} 47. Bc4 {[%emt 0:00:04]} Rd4 {[%emt 0:00:02]} 48. Rc7 {[%emt 0:00:03]} Rxh4 {[%emt 0:00:13]} 49. Bf7 {[%emt 0:00:08]} Ne2+ {[%emt 0:00:02]} 50. Kf2 {[%emt 0:00:03]} Nd4 {[%emt 0:00:20]} 51. Bxg6 {[%emt 0:00:05]} Ne6 {[%emt 0:00:02]} 52. Re7 {[%emt 0:00:03]} Nf8 {[%emt 0:00:01]} 53. Re8 {[%emt 0:00:05]} Kg7 {[%emt 0:00:01]} 54. Bd3 {[%emt 0:00:02]} Rf4+ {[%emt 0:00:02]} 55. Kg3 {[%emt 0:00:02]} Rf6 {[%emt 0:00:02]} 56. Re7+ {[%emt 0:00:03]} Kg8 {[%emt 0:00:03]} 57. Kh4 {[%emt 0:00:04]} Rf2 {[%emt 0:00:07]} 58. g4 {[%emt 0:00:02]} Rf3 {[%emt 0:00:02]} 59. Be4 {[%emt 0:00:02]} Rf4 {[%emt 0:00:02]} 60. Bf5 {[%emt 0:00:03]} Rf1 {[%emt 0:00:07]} 61. Ra7 {[%emt 0:00:08]} Rf2 {[%emt 0:00:03]} 62. Ra8 {[%emt 0:00:04]} Kg7 {[%emt 0:00:02]} 63. Ra7+ {[%emt 0:00:02]} Kf6 {[%emt 0:00:01]} 64. Ra6+ {[%emt 0:00:02]} Kg7 {[%emt 0:00:01]} 65. Ra7+ {[%emt 0:00:04]} Kg8 {[%emt 0:00:02]} 66. Ra6 {[%emt 0:00:02]} Kg7 {[%emt 0:00:08]} 67. Kg3 {[%emt 0:00:02]} Rb2 {[%emt 0:00:03]} 68. Ra7+ {[%emt 0:00:02]} Kf6 {[%emt 0:00:07]} 69. Ra8 {[%emt 0:00:02]} Kf7 {[%emt 0:00:04]} 70. Kh4 {[%emt 0:00:05]} Rh2+ {[%emt 0:00:04]} 71. Kg3 {[%emt 0:00:02]} Rh1 {[%emt 0:00:02] Erdema beraberlik teklif ediyor} 72. Kg2 {[%emt 0:00:03]} Rc1 {[%emt 0:00:03]} 73. Ra6 {[%emt 0:00:04]} Kg7 {[%emt 0:00:04]} 74. Kg3 {[%emt 0:00:04]} Rg1+ {[%emt 0:00:04]} 75. Kf4 {[%emt 0:00:02]} Rf1+ {[%emt 0:00:02]} 76. Kg3 {[%emt 0:00:01]} Rc1 {[%emt 0:00:07]} 77. Ra7+ {[%emt 0:00:02]} Kf6 {[%emt 0:00:01]} 78. Ra8 {[%emt 0:00:01]} Rc3+ {[%emt 0:00:06]} 79. Kf4 {[%emt 0:00:03]} Ng6+ {[%emt 0:00:04]} 80. Bxg6 {[%emt 0:00:09]} Kxg6 {[%emt 0:00:00]} 81. Ra6+ {[%emt 0:00:01]} Kg7 {[%emt 0:00:01]} 82. Ra5 {[%emt 0:00:02]} Rc4+ {[%emt 0:00:02]} 83. Kg3 {[%emt 0:00:02]} Kg6 {[%emt 0:00:01]} 84. Kh4 {[%emt 0:00:02]} Rc1 {[%emt 0:00:02]} 85. Ra6+ {[%emt 0:00:02]} Kg7 {[%emt 0:00:01]} 86. Ra5 {[%emt 0:00:04]} Rc6 {[%emt 0:00:03]} 87. g5 {[%emt 0:00:02]} Rc4+ {[%emt 0:00:02]} 88. Kh5 {[%emt 0:00:02]} hxg5 {[%emt 0:00:02]} 89. Rxg5+ {[%emt 0:00:02]} Kf6 {[%emt 0:00:01]} 90. Rg4 {[%emt 0:00:01]} Rc5+ {[%emt 0:00:03]} 91. Kh4 {[%emt 0:00:01]} Rc1 {[%emt 0:00:01]} 92. Rf4+ {[%emt 0:00:01]} Ke5 {[%emt 0:00:01]} 93. Rg4 {[%emt 0:00:02]} Rh1+ {[%emt 0:00:01]} 94. Kg3 {[%emt 0:00:02]} Rg1+ {[%emt 0:00:01]} 95. Kf3 {[%emt 0:00:01]} Rxg4 {[%emt 0:00:01]} 96. Kxg4 {[%emt 0:00:01] (Lag: Av=1.05s, max=2.3s)} 1/2-1/2

[Event "Stay Safe Play From Home 276"]
[Site "Emanuel Lasker Arena"]
[Date "2020.07.03"]
[Round "1"]
[White "Uber_WING"]
[Black "Haris kollari 13"]
[Result "1-0"]
[WhiteElo "1620"]
[BlackElo "1924"]
[Annotator "NA"]
[PlyCount "109"]
[EventDate "2020.07.03"]
[EventType "swiss (blitz)"]

1. e4 {[%emt 0:01:19]} e6 {[%emt 0:00:01]} 2. Nc3 {[%emt 0:00:02]} d5 {[%emt 0:00:02]} 3. d3 {[%emt 0:00:01]} d4 {[%emt 0:00:02]} 4. Nce2 {[%emt 0:00:02]} c5 {[%emt 0:00:01]} 5. g3 {[%emt 0:00:02]} e5 {[%emt 0:00:01]} 6. Bg2 {[%emt 0:00:02]} Nc6 {[%emt 0:00:01]} 7. f4 {[%emt 0:00:01]} Bd6 {[%emt 0:00:01]} 8. Nf3 {[%emt 0:00:03]} f6 {[%emt 0:00:01]} 9. O-O {[%emt 0:00:03]} Be6 {[%emt 0:00:01]} 10. fxe5 {[%emt 0:00:01]} fxe5 {[%emt 0:00:03]} 11. Ng5 {[%emt 0:00:01]} Qe7 {[%emt 0:00:06]} 12. Bd2 {[%emt 0:00:11]} Nf6 {[%emt 0:00:02]} 13. c3 {[%emt 0:00:04]} O-O-O {[%emt 0:00:03]} 14. cxd4 {[%emt 0:00:02]} cxd4 {[%emt 0:00:01]} 15. Rc1 {[%emt 0:00:06]} Kb8 {[%emt 0:00:01]} 16. Qa4 {[%emt 0:00:02]} Bd7 {[%emt 0:00:04]} 17. Bh3 {[%emt 0:00:04]} h6 {[%emt 0:00:10]} 18. Bxd7 {[%emt 0:00:02]} Qxd7 {[%emt 0:00:03]} 19. Nf3 {[%emt 0:00:03]} Rhf8 {[%emt 0:00:03]} 20. Nh4 {[%emt 0:00:01]} Ne7 {[%emt 0:00:07]} 21. Qxd7 {[%emt 0:00:03]} Rxd7 {[%emt 0:00:01]} 22. Kg2 {[%emt 0:00:04]} Rc8 {[%emt 0:00:07]} 23. Rxc8+ {[%emt 0:00:03]} Kxc8 {[%emt 0:00:01]} 24. Bxh6 {[%emt 0:00:01]} Ng4 {[%emt 0:00:09]} 25. Bd2 {[%emt 0:00:08]} Rc7 {[%emt 0:00:01]} 26. Rc1 {[%emt 0:00:09]} Rxc1 {[%emt 0:00:03]} 27. Bxc1 {[%emt 0:00:00]} Kd7 {[%emt 0:00:05]} 28. h3 {[%emt 0:00:01]} Nf6 {[%emt 0:00:02]} 29. g4 {[%emt 0:00:03]} b5 {[%emt 0:00:04]} 30. Ng3 {[%emt 0:00:01]} Bb4 {[%emt 0:00:04]} 31. Ngf5 {[%emt 0:00:06]} Ne8 {[%emt 0:00:05]} 32. Nxe7 {[%emt 0:00:07]} Bxe7 {[%emt 0:00:01]} 33. Nf5 {[%emt 0:00:01]} Ke6 {[%emt 0:00:03]} 34. Bd2 {[%emt 0:00:04]} g6 {[%emt 0:00:01]} 35. Ng3 {[%emt 0:00:07]} Nc7 {[%emt 0:00:05]} 36. Ne2 {[%emt 0:00:10]} b4 {[%emt 0:00:01]} 37. Ng1 {[%emt 0:00:03]} a5 {[%emt 0:00:01]} 38. Nf3 {[%emt 0:00:01]} Nb5 {[%emt 0:00:03]} 39. h4 {[%emt 0:00:03]} a4 {[%emt 0:00:02]} 40. h5 {[%emt 0:00:03]} gxh5 {[%emt 0:00:02]} 41. gxh5 {[%emt 0:00:00]} Bf6 {[%emt 0:00:01]} 42. Kg3 {[%emt 0:00:02]} a3 {[%emt 0:00:02]} 43. bxa3 {[%emt 0:00:02]} bxa3 {[%emt 0:00:01]} 44. Bb4 {[%emt 0:00:06]} Nc3 {[%emt 0:00:20]} 45. Bxa3 {[%emt 0:00:06]} Nxa2 {[%emt 0:00:02]} 46. Kg4 {[%emt 0:00:09]} Nc3 {[%emt 0:00:01]} 47. Ng5+ {[%emt 0:00:07]} Kd7 {[%emt 0:00:10]} 48. h6 {[%emt 0:00:02]} Nd1 {[%emt 0:00:02]} 49. Kf5 {[%emt 0:00:09]} Bh8 {[%emt 0:00:01]} 50. Nf7 {[%emt 0:00:01]} Nf2 {[%emt 0:00:09]} 51. Nxh8 {[%emt 0:00:02]} Nxd3 {[%emt 0:00:00]} 52. Ng6 {[%emt 0:00:05]} Nf2 {[%emt 0:00:08]} 53. Nxe5+ {[%emt 0:00:01]} Ke8 {[%emt 0:00:02]} 54. h7 {[%emt 0:00:00]} d3 {[%emt 0:00:02]} 55. h8=Q# {[%emt 0:00:01] (Lag: Av=0.33s, max=0.7s)} 1-0

[Event "Stay Safe Play From Home 276"]
[Site "Emanuel Lasker Arena"]
[Date "2020.07.03"]
[Round "2"]
[White "AChessPlayer"]
[Black "Aadi3110theking"]
[Result "1-0"]
[WhiteElo "2349"]
[BlackElo "1862"]
[Annotator "NA"]
[PlyCount "45"]
[EventDate "2020.07.03"]
[EventType "swiss (blitz)"]

1. d4 {[%emt 0:00:02]} Nf6 {[%emt 0:00:01]} 2. c4 {[%emt 0:00:02]} c5 {[%emt 0:00:01]} 3. d5 {[%emt 0:00:01]} b5 {[%emt 0:00:02]} 4. cxb5 {[%emt 0:00:14]} a6 {[%emt 0:00:01]} 5. b6 {[%emt 0:00:00]} d6 {[%emt 0:00:02]} 6. Nc3 {[%emt 0:00:01]} g6 {[%emt 0:00:01]} 7. a4 {[%emt 0:00:02]} Qxb6 {[%emt 0:00:02]} 8. a5 {[%emt 0:00:01]} Qd8 {[%emt 0:00:02]} 9. e4 {[%emt 0:00:02]} Nbd7 {[%emt 0:00:02]} 10. f4 {[%emt 0:00:02]} Bg7 {[%emt 0:00:01]} 11. Bc4 {[%emt 0:00:00]} O-O {[%emt 0:00:02]} 12. Nge2 {[%emt 0:00:00]} Rb8 {[%emt 0:00:02]} 13. O-O {[%emt 0:00:00]} Rb4 {[%emt 0:00:02]} 14. Qd3 {[%emt 0:00:00]} Ne8 {[%emt 0:00:17]} 15. b3 {[%emt 0:00:05]} Nc7 {[%emt 0:00:03]} 16. Ra2 {[%emt 0:00:02]} f5 {[%emt 0:00:05]} 17. e5 {[%emt 0:00:10]} dxe5 {[%emt 0:00:18]} 18. d6+ {[%emt 0:00:02]} Kh8 {[%emt 0:00:01]} 19. dxc7 {[%emt 0:00:02]} Qxc7 {[%emt 0:00:00]} 20. Nd5 {[%emt 0:00:01]} Qb8 {[%emt 0:00:18]} 21. Nxb4 {[%emt 0:00:03]} Qxb4 {[%emt 0:00:00]} 22. Bd2 {[%emt 0:00:06]} Qb8 {[%emt 0:00:03]} 23. Bc3 {[%emt 0:00:01] Aadi3110theking resigns (Lag: Av=0.77s, max=1.5s)} 1-0

[Event "Stay Safe Play From Home 276"]
[Site "Emanuel Lasker Arena"]
[Date "2020.07.03"]
[Round "2"]
[White "Position"]
[Black "Justwatch"]
[Result "1-0"]
[WhiteElo "2134"]
[BlackElo "1303"]
[PlyCount "55"]
[EventDate "2020.07.03"]
[EventType "swiss (blitz)"]

1. e4 {[%emt 0:00:01]} Nf6 {[%emt 0:00:00]} 2. e5 {[%emt 0:00:01]} Nd5 {[%emt 0:00:01]} 3. d4 {[%emt 0:00:01]} d6 {[%emt 0:00:01]} 4. c4 {[%emt 0:00:01]} Nb6 {[%emt 0:00:01]} 5. f4 {[%emt 0:00:00]} dxe5 {[%emt 0:00:01]} 6. fxe5 {[%emt 0:00:01]} Nc6 {[%emt 0:00:00]} 7. Be3 {[%emt 0:00:02]} g6 {[%emt 0:00:03]} 8. Nf3 {[%emt 0:00:01]} Bg4 {[%emt 0:00:05]} 9. Be2 {[%emt 0:00:01]} Bg7 {[%emt 0:00:01]} 10. O-O {[%emt 0:00:02]} O-O {[%emt 0:00:01]} 11. Qc2 {[%emt 0:00:02]} a6 {[%emt 0:00:01]} 12. Rd1 {[%emt 0:00:02]} Nb4 {[%emt 0:00:01]} 13. Qb3 {[%emt 0:00:02]} a5 {[%emt 0:00:02]} 14. a3 {[%emt 0:00:06]} Nc6 {[%emt 0:00:02]} 15. Nc3 {[%emt 0:00:03]} e6 {[%emt 0:00:03]} 16. h3 {[%emt 0:00:08]} Bxf3 {[%emt 0:00:07]} 17. Bxf3 {[%emt 0:00:00]} Rb8 {[%emt 0:00:01]} 18. Nb5 {[%emt 0:00:03]} a4 {[%emt 0:00:01]} 19. Qc2 {[%emt 0:00:02]} Qh4 {[%emt 0:00:04]} 20. Nxc7 {[%emt 0:00:11]} Nxe5 {[%emt 0:00:02]} 21. dxe5 {[%emt 0:00:05]} Bxe5 {[%emt 0:00:00]} 22. Bxb6 {[%emt 0:00:15]} Qg3 {[%emt 0:00:03]} 23. Nb5 {[%emt 0:00:01]} Qh2+ {[%emt 0:00:02]} 24. Kf1 {[%emt 0:00:01]} Bg3 {[%emt 0:00:01]} 25. Bg1 {[%emt 0:00:02]} Qh1 {[%emt 0:00:02]} 26. Ke2 {[%emt 0:00:06]} Bh2 {[%emt 0:00:08]} 27. Bf2 {[%emt 0:00:03]} Qxg2 {[%emt 0:00:02] Justwatch terk eder} 28. Bxg2 {[%emt 0:00:02] (Lag: Av=0.93s, max=2.1s)} 1-0

[Event "Stay Safe Play From Home 276"]
[Site "Emanuel Lasker Arena"]
[Date "2020.07.03"]
[Round "2"]
[White "Klasman"]
[Black "Dukic"]
[Result "0-1"]
[WhiteElo "1647"]
[BlackElo "1939"]
[PlyCount "34"]
[EventDate "2020.07.03"]
[EventType "swiss (blitz)"]

1. f4 {[%emt 0:00:04]} c6 {[%emt 0:00:00]} 2. c4 {[%emt 0:00:02]} d6 {[%emt 0:00:01]} 3. d4 {[%emt 0:00:02]} Nd7 {[%emt 0:00:00]} 4. e4 {[%emt 0:00:01]} e5 {[%emt 0:00:02]} 5. d5 {[%emt 0:00:02]} Ngf6 {[%emt 0:00:06]} 6. Nc3 {[%emt 0:00:03]} Qa5 {[%emt 0:00:02]} 7. Bd3 {[%emt 0:00:04]} Nc5 {[%emt 0:00:05]} 8. Nf3 {[%emt 0:00:03]} Ncxe4 {[%emt 0:00:14]} 9. O-O {[%emt 0:00:18]} Qb6+ {[%emt 0:00:07]} 10. Kh1 {[%emt 0:00:05]} Nf2+ {[%emt 0:00:01]} 11. Rxf2 {[%emt 0:00:01]} Qxf2 {[%emt 0:00:01]} 12. fxe5 {[%emt 0:00:01]} dxe5 {[%emt 0:00:02]} 13. Nxe5 {[%emt 0:00:02]} Bd6 {[%emt 0:00:02]} 14. Nf3 {[%emt 0:00:11]} O-O {[%emt 0:00:04]} 15. Bg5 {[%emt 0:00:02]} Ng4 {[%emt 0:00:15]} 16. Ne4 {[%emt 0:00:19]} Qxb2 {[%emt 0:00:06]} 17. Nxd6 {[%emt 0:00:17]} Nf2+ {[%emt 0:00:01] Klasman resigns (Lag: Av=0.47s, max=0.8s)} 0-1